[Event "Main Vogelsberg op 5th"]
[Site "Hanau"]
[Date "2010.04.30"]
[Round "3"]
[White "Marquardt, Dietrich"]
[Black "Willems, Matthias"]
[Result "0-1"]
[WhiteElo "1618"]
[BlackElo "2073"]
[PlyCount "116"]
[EventDate "2010.04.28"]
[EventType "swiss"]
[EventRounds "7"]
[EventCountry "GER"]
[SourceTitle "CBM 136 Extra"]
[Source "ChessBase"]
[SourceDate "2010.07.02"]
[SourceVersion "2"]
[SourceVersionDate "2010.07.15"]
[SourceQuality "1"]

1. d4 Nf6 2. c4 e5 3. dxe5 Ng4 4. Bf4 Nc6 5. Nf3 Bb4+ 6. Nbd2 Qe7 7. a3 Ngxe5 8. Nxe5 Nxe5 9. Bxe5 Bxd2+ 10. Qxd2 Qxe5 11. e3 b6 12. 0-0-0 0-0 13. Qd5 Qxd5 14. Rxd5 d6 15. Rg1 Bb7 16. Rd4 f5 17. g3 Rae8 18. Bg2 Be4 19. Bxe4 fxe4 20. Rd2 Rf5 21. Re1 Ref8 22. Ree2 g5 23. h3 Kf7 24. Rd5 Ke6 25. Rxf5 Rxf5 26. Rd2 c6 27. Kd1 Rf6 28. Ke2 Rh6 29. Rd4 Ke5 30. f4+ exf3+ 31. Kxf3 Rxh3 32. Re4+ Kf6 33. Kg2 Rh6 34. Re8 Rg6 35. Rf8+ Ke6 36. Re8+ Kf5 37. Re7 Re6 38. g4+ Kf6 39. Rxa7 Rxe3 40. Rxh7 Ke5 41. Rg7 Kf4 42. Rg6 Rd3 43. b4 Kxg4 44. Kf2 Rd4 45. Ke3 Rxc4 46. Rxd6 b5 47. Rf6 Rc3+ 48. Kd4 Rc1 49. Ke3 Kg3 50. Kd2 Rc4 51. Kd3 g4 52. Re6 Kh3 53. Rh6+ Kg2 54. Ke2 g3 55. Rh8 Re4+ 56. Kd3 Re6 57. Rg8 Kf2 58. Rf8+ Kg1 0-1

[Event "Main Vogelsberg op 5th"]
[Site "Hanau"]
[Date "2010.04.29"]
[Round "2"]
[White "Haftmann, Rainer"]
[Black "Marquardt, Dietrich"]
[Result "1-0"]
[WhiteElo "1881"]
[BlackElo "1618"]
[PlyCount "41"]
[EventDate "2010.04.28"]
[EventType "swiss"]
[EventRounds "7"]
[EventCountry "GER"]
[SourceTitle "CBM 136 Extra"]
[Source "ChessBase"]
[SourceDate "2010.07.02"]
[SourceVersion "2"]
[SourceVersionDate "2010.07.15"]
[SourceQuality "1"]

1. e4 c5 2. Nf3 d6 3. d4 cxd4 4. Nxd4 g6 5. Nc3 Bg7 6. Be3 Nf6 7. f3 Nc6 8. Bc4 0-0 9. Qd2 Bd7 10. Bb3 Rc8 11. 0-0-0 Qa5 12. Kb1 Ne5 13. Nd5 Qd8 14. Nxf6+ Bxf6 15. g4 Nc4 16. Bxc4 Rxc4 17. h4 Qc8 18. h5 Be5 19. c3 b5 20. Bh6 Bg7 21. hxg6 1-0

[Event "Main Vogelsberg op 5th"]
[Site "Hanau"]
[Date "2010.04.28"]
[Round "1"]
[White "Marquardt, Dietrich"]
[Black "Hess, Steffen"]
[Result "1/2-1/2"]
[WhiteElo "1618"]
[BlackElo "2068"]
[PlyCount "91"]
[EventDate "2010.04.28"]
[EventType "swiss"]
[EventRounds "7"]
[EventCountry "GER"]
[SourceTitle "CBM 136 Extra"]
[Source "ChessBase"]
[SourceDate "2010.07.02"]
[SourceVersion "2"]
[SourceVersionDate "2010.07.15"]
[SourceQuality "1"]

1. d4 Nf6 2. c4 e6 3. Nc3 Bb4 4. Bg5 0-0 5. Nf3 b6 6. e3 Bb7 7. Bd3 d6 8. 0-0 Bxc3 9. bxc3 Nbd7 10. Nd2 Qe7 11. f3 e5 12. Be4 Bxe4 13. Nxe4 Qe6 14. Bxf6 Nxf6 15. Nxf6+ gxf6 16. Qd3 f5 17. f4 e4 18. Qe2 Kh8 19. Rf2 Rg8 20. a3 Rg4 21. Qb2 Qxc4 22. Rd2 Rag8 23. Qb4 Qe6 24. d5 Qg6 25. Raa2 h5 26. Qc4 h4 27. Kh1 Qh5 28. Qe2 Qg6 29. Qc4 Qh5 30. Qe2 Qh6 31. Qc4 Rg3 32. hxg3 hxg3+ 33. Kg1 Qh2+ 34. Kf1 Qh1+ 35. Ke2 Qxg2+ 36. Kd1 Qf3+ 37. Kc1 g2 38. Rxg2 Rxg2 39. Rxg2 Qxg2 40. Qxc7 Qf1+ 41. Kb2 Qe2+ 42. Kb3 Qb5+ 43. Kc2 Qxd5 44. Qd8+ Kg7 45. Qg5+ Kf8 46. Qd8+ 1/2-1/2